Skip to main content
Your cart is empty.
Your lists
Log in to create your own lists
Your cookies
العربية
English
العربية
Home
Search
Advanced search
Authority search
About
The noble scholar, jurist, historian
His Excellency Dr. Abdul Wahhab bin Ibrahim Abu Sulaiman, may Allah have mercy on him.
He was born in Umm Al-Qura in the year 1356 AH.
Library catalog
Title
Author
Subject
ISBN
ISSN
Series
Call number
Log in to your account
×
Login:
Password:
Home
MARC view: الملامح الجغرافية لدروب الحجيج /
Normal view
MARC view
ISBD view
الملامح الجغرافية لدروب الحجيج / (Record no. 11855)
[
view plain
]
MARC details
000 -LEADER
fixed length control field
02341cam a2200385 i 4500
003 - CONTROL NUMBER IDENTIFIER
control field
SA-RiAUC
005 - DATE AND TIME OF LATEST TRANSACTION
control field
20250917125100.0
008 - FIXED-LENGTH DATA ELEMENTS--GENERAL INFORMATION
fixed length control field
250915s1981 su a g b 00000 ara c
024 0# - OTHER STANDARD IDENTIFIER
Standard number or code
11000000004397
024 0# - OTHER STANDARD IDENTIFIER
Standard number or code
00000000966125
040 ## - CATALOGING SOURCE
Original cataloging agency
SA-RiAUC
Language of cataloging
ara
Transcribing agency
SA-RiAUC
Modifying agency
AE-DuMBRL
Description conventions
rda
043 ## - GEOGRAPHIC AREA CODE
Geographic area code
a-su---
050 #4 - LIBRARY OF CONGRESS CALL NUMBER
Item number
B35 1981
082 04 - DEWEY DECIMAL CLASSIFICATION NUMBER
Classification number
915.3121
Assigning agency
SA-RiAUC
090 ## - LOCALLY ASSIGNED LC-TYPE CALL NUMBER (OCLC); LOCAL CALL NUMBER (RLIN)
Classification number (OCLC) (R) ; Classification number, CALL (RLIN) (NR)
915.3121
Local cutter number (OCLC) ; Book number/undivided call number, CALL (RLIN)
ب ك ر
100 1# - MAIN ENTRY--PERSONAL NAME
Personal name
بكر، سيد عبد المجيد
Relator term
مؤلف.
245 12 - TITLE STATEMENT
Title
الملامح الجغرافية لدروب الحجيج /
Statement of responsibility, etc.
سيد عبد المجيد بكر.
250 ## - EDITION STATEMENT
Edition statement
الطبعة الأولى.
264 #1 - PRODUCTION, PUBLICATION, DISTRIBUTION, MANUFACTURE, AND COPYRIGHT NOTICE
Place of production, publication, distribution, manufacture
[جدة، السعودية] :
Name of producer, publisher, distributor, manufacturer
تهامة،
Date of production, publication, distribution, manufacture, or copyright notice
1981.
300 ## - PHYSICAL DESCRIPTION
Extent
224 صفحة :
Other physical details
إيضاحيات ؛
Dimensions
24 سم.
336 ## - CONTENT TYPE
Content type term
نص
Content type code
txt
Source
rdacontent
Materials specified
كتاب
337 ## - MEDIA TYPE
Media type term
بدون وسيط
Media type code
n
Source
rdamedia
338 ## - CARRIER TYPE
Carrier type term
مجلد
Carrier type code
nc
Source
rdacarrier
490 1# - SERIES STATEMENT
Series statement
الكتاب الجامعي ؛
Volume/sequential designation
6
504 ## - BIBLIOGRAPHY, ETC. NOTE
Bibliography, etc. note
يشتمل على إرجاعات ببليوجرافية.
504 ## - BIBLIOGRAPHY, ETC. NOTE
Bibliography, etc. note
ببليوجرافية : صفحة 217-224.
520 ## - SUMMARY, ETC.
Summary, etc.
يتناول كتاب (الملامح الخغرافية لدروب الحجيج) والذي قام بتأليفه سيد عبد المجيد بكر، في حوالي (225) صفحة من القطع المتوسط موضوع (دروب الحجيج) يستعرض الكتاب ملامح لطرق الحجيج في رحلتهم المقدسة عبر التاريخ، فهى أوتار ناقلة لصنوف الحضارات عبر محيط العالم الإسلامي، وتحمل دروب الحج ملامح حضارية تملأ محاورها أينما كانت وحيثما توجد، فلقد شيدت على ضفاف مسيرتها قصور وقلاع وخانات، وخزانات وآبار للماء حملت ملامح معماري، كانت سجلا حافلا للحضارة الإسلامية.
590 ## - LOCAL NOTE (RLIN)
Local note
حمد.
651 #7 - SUBJECT ADDED ENTRY--GEOGRAPHIC NAME
Geographic name
مكة المكرمة
General subdivision
وصف ورحلات
Source of heading or term
aucsh
651 #7 - SUBJECT ADDED ENTRY--GEOGRAPHIC NAME
Geographic name
مكة المكرمة
General subdivision
جغرافيا
Source of heading or term
aucsh
830 #2 - SERIES ADDED ENTRY--UNIFORM TITLE
Uniform title
الكتاب الجامعي (تهامة للنشر والتوزيع)
Volume/sequential designation
6
942 ## - ADDED ENTRY ELEMENTS (KOHA)
Source of classification or shelving scheme
Dewey Decimal Classification
Koha item type
Books
Suppress in OPAC
No
949 ## - LOCAL PROCESSING INFORMATION (OCLC)
a
SA-JeALM
d
250915
u
mohamedma123
n
1
Holdings
Withdrawn status
Lost status
Source of classification or shelving scheme
Damaged status
Not for loan
Home library
Current library
Date acquired
Total checkouts
Full call number
Barcode
Date last seen
Price effective from
Koha item type
Dewey Decimal Classification
DR AbdElwahab Library
DR AbdElwahab Library
09/17/2025
915.3121 ب ك ر
000019091
09/17/2025
09/17/2025
Books
Place hold
Print
Add to your cart
(remove)
Save record
BIBTEX
Dublin Core
MARCXML
MARC (non-Unicode/MARC-8)
MARC (Unicode/UTF-8)
MARC (Unicode/UTF-8, Standard)
MODS (XML)
RIS
ISBD
More searches
Search for this title in:
Other Libraries (WorldCat)
Other Databases (Google Scholar)
Online Stores (Bookfinder.com)
Open Library (openlibrary.org)
Exporting to Dublin Core...
×
Simple DC-RDF
OAI-DC
SRW-DC